00349nam a2200133Ia 4500008004100000041000800041082001700049100001700066245004400083250000700127260003900134300003000173365001200203240624s9999 xx 000 0 und d aeng a658.4092 OAD aOADE ARYANNE aBUILDING INFLUENCE IN THE WORKPLACE HOW a11 c2010aNew YorkbPalgrave Macmillan axx, : 202 : p. : cm. ; 23 cBPSb27